00582nam a22001697a 450000500170000001000130001702000260003003500110005603700160006708200110008310000440009424500850013824600670022326000370029027000620032730000230038920190924170031.0 aUR-10493 c350.00a9789383353118 aU-9048 bDBAD/PUBa- a840.08 aمر تبہ:نصير ا حمد خا ن  aگو يا د بستا ں کھل گياcمر تبہ:نصير ا حمد خا ن  bGoyaa Dabistaan Khul Gayaa (Urdu)aby Prof. Naseer Ahmed Khan  aN.DelhibGhalib Academyc2019 ء aBasti Hazrat Nizamuddin,bN.Delhi e110013k9603018825l- a354 ص c22 Cm(Hb)